Statistics for Chelsea squad 2019-2020

Click here to take the quiz!

General Stats

  • This quiz has been taken 368 times
    (335 since last reset)
  • The average score is 20 of 26

Answer Stats

PositionNationNumberPlayer% Correct
GKSpain1Kepa Arrizabalaga
98%
CDMFrance7N'Golo Kante
96%
CMItaly5Jorginho
94%
CBGermany2Antonio Rudiger
93%
LBSpain3Marcos Alonso
92%
RWBrazil10Willian
91%
RWUSA22Christian Pulisic
90%
RWSpain11Pedro
88%
STEngland9Tammy Abraham
88%
CoachEngland-Frank Lampard
86%
CMCroatia17Mateo Kovacic
85%
STFrance18Olivier Giroud
85%
CBSpain28Cesar Azpilicueta
81%
CBDenmark27Andreas Christensen
80%
CBFrance15Kurt Zouma
80%
GKArgentina13Willy Caballero
78%
LBItaly33Emerson
77%
CMEngland8Ross Barkley
75%
LWEngland20Callum Hudson-Odoi
71%
CMEngland12Ruben Loftus-Cheek
71%
STBelgium23Michy Batshuayi
67%
RBItaly21Davide Zappacosta
64%
CBEngland19Mason Mount
56%
CDMFrance14Tiemoue Bakayoko
56%
LWBrazil16Kenedy
39%
CMNetherlands42Marco van Ginkel
33%

Score Distribution

Percentile by Number Answered

Percent of People with Each Score

Your Score History

You have not taken this quiz since the last reset